000 nam a22 7a 4500
999 _c126233
_d126233
005 20170224125034.0
008 170224b xxu||||| |||| 00| 0 eng d
050 _aSPC LC493.D812
100 _aANON
_929088
245 _aDes Jesuites
_cby ANON
260 _aEmmerick
_bJ. Lambert Romen
_c1800
300 _a249p.;
_c17cm.
650 _aJesuits
_xEducation
_97265
942 _2lcc
_cMONOGRAPH